[Event "Winnipeg TNT 2023.09"]
[Site "Winnipeg CAN"]
[Date "2023.09.05"]
[Round "1.6"]
[White "Gannon, Keith"]
[Black "Rook, Sean"]
[Result "0-1"]
[WhiteElo "1469"]
[BlackElo "1808"]
[PlyCount "110"]
[EventDate "2023.09.05"]
[EventType "swiss"]
[EventRounds "4"]
[EventCountry "CAN"]

1. Nf3 Nc6 2. Nc3 Nf6 3. e4 e5 4. b3 Bb4 5. Bb2 O-O 6. Be2 d6 7. d3 Re8 8. O-O
a5 9. a3 Bc5 10. Na4 Ba7 11. c4 Bd7 12. Rc1 Nd4 13. Nc3 Rb8 14. b4 axb4 15.
axb4 b5 16. Nxd4 Bxd4 17. cxb5 Bxb5 18. Qd2 Qd7 19. Nxb5 Bxb2 20. Qxb2 Rxb5 21.
Rc4 Reb8 22. Rfc1 c5 23. Qc3 Rxb4 24. Rxb4 Rxb4 25. Ra1 h6 26. h3 Kh7 27. Kh2
Qb7 28. Qe1 Rb2 29. Rd1 g6 30. Rd2 Qb4 31. Rd1 Nxe4 32. dxe4 Qxe4 33. Bf3 Qxe1
34. Rxe1 f5 35. Rd1 e4 36. Bxe4 fxe4 37. Rxd6 Rxf2 38. Rc6 Rc2 39. Re6 Rc4 40.
Kg3 g5 41. Re7+ Kg6 42. Re6+ Kg7 43. Re7+ Kf6 44. Re8 Rd4 45. h4 gxh4+ 46. Kxh4
e3+ 47. Kh5 Rd3 48. Kxh6 Kf5 49. g3 Kg4 50. Rg8+ Kf3 51. g4 Rd6+ 52. Kh7 Re6
53. g5 e2 54. g6 e1=Q 55. g7 Qh4# 0-1

[Event "Winnipeg TNT 2023.09"]
[Site "Winnipeg CAN"]
[Date "2023.09.05"]
[Round "1.7"]
[White "Guan, Marcus"]
[Black "Liu, Shawn"]
[Result "1-0"]
[WhiteElo "1770"]
[BlackElo "1426"]
[PlyCount "79"]
[EventDate "2023.09.05"]
[EventType "swiss"]
[EventRounds "4"]
[EventCountry "CAN"]

1. d4 d5 2. c4 e6 3. g3 Nf6 4. Nf3 Nc6 5. Qc2 g6 6. Bg2 Bg7 7. O-O O-O 8. Rd1
Re8 9. Bg5 Qd7 10. e3 Ne4 11. Nc3 Nxg5 12. Nxg5 Rd8 13. cxd5 exd5 14. Nxd5 h6
15. Nh3 Qd6 16. Nc3 Bf5 17. Qb3 Rab8 18. Nf4 Qb4 19. Bd5 Qxb3 20. Bxb3 Nb4 21.
Rac1 g5 22. a3 gxf4 23. axb4 fxe3 24. fxe3 h5 25. Bc2 Bxc2 26. Rxc2 c6 27. Na4
Rd5 28. Rc5 Rxc5 29. Nxc5 Bh6 30. Kf2 b6 31. Nd7 Rb7 32. Nf6+ Kg7 33. Nxh5+ Kg6
34. Nf4+ Kf5 35. Rc1 Rc7 36. Nd5 Rd7 37. Rxc6 Rxd5 38. Rxh6 Rb5 39. Rh5+ Ke4
40. Rxb5 1-0

[Event "Winnipeg TNT 2023.09"]
[Site "Winnipeg CAN"]
[Date "2023.09.05"]
[Round "1.8"]
[White "Trueman, Francis"]
[Black "Stordeur, Jackson"]
[Result "0-1"]
[WhiteElo "1422"]
[BlackElo "1716"]
[PlyCount "50"]
[EventDate "2023.09.05"]
[EventType "swiss"]
[EventRounds "4"]
[EventCountry "CAN"]

1. Nf3 Nf6 2. d3 g6 3. Nbd2 Bg7 4. g3 d6 5. Bg2 O-O 6. O-O c5 7. Re1 Nc6 8. e4
Qc7 9. c3 Bd7 10. a4 a6 11. Nb3 Rac8 12. Qe2 Be6 13. Qc2 Qb6 14. Nbd2 h6 15.
Nf1 Na5 16. Be3 Ng4 17. Qe2 Nb3 18. Ra3 Rfd8 19. c4 Na5 20. h3 Nxe3 21. Nxe3
Qxb2 22. Ra2 Qxe2 23. Rexe2 Nc6 24. Re1 Nb4 25. Rae2 Nxd3 0-1

[Event "Winnipeg TNT 2023.09"]
[Site "Winnipeg CAN"]
[Date "2023.09.05"]
[Round "1.9"]
[White "Letain, Cory"]
[Black "Bilugan, Mason"]
[Result "1-0"]
[WhiteElo "1714"]
[BlackElo "1416"]
[PlyCount "67"]
[EventDate "2023.09.05"]
[EventType "swiss"]
[EventRounds "4"]
[EventCountry "CAN"]

1. e4 e5 2. f4 d5 3. exd5 exf4 4. Nf3 Nf6 5. Bb5+ Bd7 6. Qe2+ Qe7 7. Bxd7+
Nbxd7 8. Qxe7+ Bxe7 9. c4 h6 10. h4 Nb6 11. d3 Bc5 12. d4 Bb4+ 13. Bd2 Bxd2+
14. Nbxd2 O-O 15. Ne5 Nh5 16. g4 fxg3 17. O-O-O f5 18. b3 Nf4 19. Ndf3 g2 20.
Rh2 g5 21. hxg5 hxg5 22. Kd2 g4 23. Ng5 Kg7 24. Ke3 Nfxd5+ 25. cxd5 Nxd5+ 26.
Kf2 Rae8 27. Rxg2 Nf6 28. Rh1 Rh8 29. Rxh8 Kxh8 30. Kg3 Nh5+ 31. Kh4 Nf4 32.
Rf2 Kg7 33. Rxf4 Kf6 34. Nxg4+ 1-0

[Event "Winnipeg TNT 2023.09"]
[Site "Winnipeg CAN"]
[Date "2023.09.05"]
[Round "1.10"]
[White "Wijekoon, Dilki"]
[Black "Kahanda, Inuri"]
[Result "0-1"]
[WhiteElo "1411"]
[BlackElo "1705"]
[PlyCount "64"]
[EventDate "2023.09.05"]
[EventType "swiss"]
[EventRounds "4"]
[EventCountry "CAN"]

1. e4 e6 2. Nc3 d5 3. exd5 exd5 4. d4 Nf6 5. h3 Bb4 6. Bd2 O-O 7. Nf3 Re8+ 8.
Be2 Qe7 9. Be3 Ne4 10. O-O Bxc3 11. bxc3 Nxc3 12. Qd3 Nxe2+ 13. Qxe2 Nc6 14.
Rab1 Rb8 15. Rfe1 Bf5 16. Qd2 Qd7 17. Kh2 h6 18. Rg1 Re4 19. g4 Bg6 20. Nh4 b6
21. Nxg6 fxg6 22. f3 Re6 23. Qd3 Rbe8 24. Rge1 Qe7 25. Bd2 Qh4 26. Rxe6 Qf2+
27. Kh1 Rxe6 28. Rg1 Qxd4 29. Qa6 Ne7 30. Bc1 Qc3 31. Qxa7 Qxf3+ 32. Rg2 Re2
0-1

[Event "Winnipeg TNT 2023.09"]
[Site "Winnipeg CAN"]
[Date "2023.09.05"]
[Round "1.11"]
[White "Hansima, Charitha"]
[Black "Schmidt, Lukas"]
[Result "1-0"]
[WhiteElo "1657"]
[BlackElo "1269"]
[PlyCount "55"]
[EventDate "2023.09.05"]
[EventType "swiss"]
[EventRounds "4"]
[EventCountry "CAN"]

1. d4 d6 2. Nf3 h6 3. Bf4 b6 4. e3 Nf6 5. Nbd2 Nbd7 6. h3 Bb7 7. Be2 e6 8. c4
c5 9. O-O cxd4 10. exd4 d5 11. Qb3 Be7 12. Rac1 O-O 13. c5 Rc8 14. Rc3 a6 15.
Rfc1 Bc6 16. cxb6 Bb7 17. Bc7 Qe8 18. Qa4 Bd8 19. Bd6 Be7 20. Rxc8 Bxc8 21.
Bxe7 Qxe7 22. Bxa6 Nxb6 23. Qb5 Nfd7 24. Bxc8 Rxc8 25. Rxc8+ Nxc8 26. a3 Na7
27. Qb7 Nc6 28. Qxc6 1-0

[Event "Winnipeg TNT 2023.09"]
[Site "Winnipeg CAN"]
[Date "2023.09.12"]
[Round "2.1"]
[White "Vaughan, Nathan"]
[Black "Stordeur, Jackson"]
[Result "0-1"]
[WhiteElo "1995"]
[BlackElo "1716"]
[PlyCount "91"]
[EventDate "2023.09.05"]
[EventType "swiss"]
[EventRounds "4"]
[EventCountry "CAN"]

1. e4 c5 2. Nf3 d6 3. d4 cxd4 4. Nxd4 Nf6 5. Nc3 a6 6. Bg5 e6 7. f4 Qb6 8. Qd2
Qxb2 9. Rb1 Qa3 10. e5 dxe5 11. fxe5 Nfd7 12. Ne4 Qxa2 13. Rd1 Qd5 14. Qe3 h6
15. Bh4 Qxe5 16. Be2 Bc5 17. O-O O-O 18. Bg3 Bxd4 19. Rxd4 Qa5 20. Qf3 Nc6 21.
Rdd1 Nde5 22. Qh5 f5 23. Nd6 Bd7 24. Nc4 Qc5+ 25. Bf2 Qe7 26. Nd6 Be8 27. Qh3
Bg6 28. Bc5 Rfd8 29. Qa3 Qc7 30. Qb3 Nd4 31. Bxd4 Rxd6 32. Bxe5 Qc5+ 33. Bd4
Rxd4 34. Qxe6+ Kh7 35. Qe3 Rd5 36. Qxc5 Rxc5 37. Rd7 b5 38. Bd3 a5 39. Rb7 b4
40. Ra1 f4 41. Bxg6+ Kxg6 42. Rxb4 axb4 43. Rxa8 Rxc2 44. Ra4 b3 45. Rb4 b2 46.
Kf1 0-1

[Event "Winnipeg TNT 2023.09"]
[Site "Winnipeg CAN"]
[Date "2023.09.12"]
[Round "2.2"]
[White "Kahanda, Inuri"]
[Black "Kwiatek, Jordan"]
[Result "1/2-1/2"]
[WhiteElo "1705"]
[BlackElo "1970"]
[Annotator "aboro"]
[PlyCount "151"]
[EventDate "2023.09.05"]
[EventType "swiss"]
[EventRounds "4"]
[EventCountry "CAN"]

1. e4 e5 2. Nf3 d5 3. d4 dxe4 4. Nxe5 Bd6 5. Bc4 Bxe5 6. Qh5 Qe7 7. Qxe5 Qxe5
8. dxe5 Nc6 9. Bf4 Nge7 10. e6 Bxe6 11. Bxe6 fxe6 12. Nd2 Nd5 13. Bg3 e3 14.
Ne4 O-O-O 15. O-O-O exf2 16. Bxf2 h6 17. Nc5 Rhe8 18. Rhe1 e5 19. Bg3 g5 20. h4
Nf4 21. Rxd8+ Rxd8 22. Bxf4 exf4 23. Re6 Nd4 24. Re4 Nf5 25. Ne6 Ng3 26. Re1
Rg8 27. hxg5 hxg5 28. Kd2 Nf5 29. Re5 Ne3 30. Rxg5 Rxg5 31. Nxg5 Nxg2 32. Ke2
Nh4 33. Nh3 f3+ 34. Kf2 Kd7 35. Ng5 Kd6 36. Nxf3 Nf5 37. Ke2 Kd5 38. Kd3 b5 39.
Nd2 c5 40. c4+ bxc4+ 41. Nxc4 Nd4 42. Ne3+ Kc6 43. Kc4 Nf3 44. Nc2 Ne5+ 45. Kc3
Kd5 46. Ne3+ Ke4 47. Nc4 Nc6 48. a3 Kd5 49. b4 cxb4+ 50. axb4 a6 51. Na5 Nd4
52. Nb3 Nb5+ 53. Kb2 Kc4 54. Nd2+ Kxb4 55. Ka2 Kc3 56. Nb3 Kb4 57. Nc1 Nc3+ 58.
Ka1 a5 59. Na2+ Kb3 60. Nxc3 Kxc3 61. Ka2 Kb4 62. Kb2 Ka4 63. Ka2 Kb4 64. Kb2
a4 65. Ka2 Ka5 66. Ka3 Kb5 67. Ka2 Kb4 68. Kb2 a3+ 69. Ka2 Ka4 70. Ka1 Kb3 71.
Kb1 Kc3 72. Ka1 Kb4 73. Ka2 Ka4 74. Ka1 Kb3 75. Kb1 a2+ 76. Ka1 1/2-1/2

[Event "Winnipeg TNT 2023.09"]
[Site "Winnipeg CAN"]
[Date "2023.09.12"]
[Round "2.3"]
[White "Currie, James"]
[Black "Hansima, Charitha"]
[Result "1-0"]
[WhiteElo "1924"]
[BlackElo "1657"]
[Annotator "aboro"]
[PlyCount "117"]
[EventDate "2023.09.05"]
[EventType "swiss"]
[EventRounds "4"]
[EventCountry "CAN"]

1. e4 c6 2. d3 d5 3. Nd2 Nf6 4. Ngf3 Bg4 5. h3 Bh5 6. g4 Bg6 7. Qe2 dxe4 8.
dxe4 Qa5 9. c3 h6 10. Bg2 e6 11. O-O Qc7 12. Nh4 Bh7 13. f4 Be7 14. e5 Nd5 15.
Ndf3 Nd7 16. a3 Nc5 17. f5 O-O-O 18. c4 Nb6 19. b4 Nb3 20. Rb1 Nd4 21. Qe4
Nxf3+ 22. Nxf3 exf5 23. gxf5 Qd7 24. e6 fxe6 25. Ne5 Qd4+ 26. Be3 Qxe4 27. Bxe4
Rhf8 28. Ng6 Bxg6 29. fxg6 Nxc4 30. Rxf8 Rxf8 31. Re1 Nxe3 32. Rxe3 a5 33. Bb1
axb4 34. axb4 Bxb4 35. Rxe6 Bc3 36. Kg2 Kd7 37. Re3 Bf6 38. Bf5+ Kc7 39. Kg3
Kd6 40. Kg4 Bd4 (40... Be5 41. Rf3 c5 42. h4 b6) 41. Rf3 c5 42. h4 b5 43. Kf4
b4 44. Ke4 Kc6 45. Bd7+ Kxd7 46. Rxf8 Ke6 47. Rb8 Bf6 48. Rb6+ Ke7 49. h5 Bd4
50. Kd5 Ke8 51. Kd6 Bf6 52. Rb8+ Bd8 53. Ke6 b3 54. Rxb3 c4 55. Rb8 c3 56. Rc8
c2 57. Rxc2 Bf6 58. Rc8+ Bd8 59. Rb8 1-0

[Event "Winnipeg TNT 2023.09"]
[Site "Winnipeg CAN"]
[Date "2023.09.12"]
[Round "2.4"]
[White "MacPherson, Al"]
[Black "Rutter, Blair"]
[Result "1-0"]
[WhiteElo "1654"]
[BlackElo "1902"]
[PlyCount "105"]
[EventDate "2023.09.05"]
[EventType "swiss"]
[EventRounds "4"]
[EventCountry "CAN"]

1. d4 d5 2. c4 Nf6 3. Nc3 e6 4. Nf3 Bb4 5. Bg5 O-O 6. e3 c6 7. Bd3 Nbd7 8. O-O
Qa5 9. Bxf6 Nxf6 10. Qc2 Bxc3 11. bxc3 dxc4 12. Bxc4 Qh5 13. a4 b5 14. Be2 Bb7
15. Ne5 Qg5 16. Bf3 Nd5 17. Nd7 Rfc8 18. Nc5 Rab8 19. axb5 cxb5 20. Rxa7 Ba8
21. Rfa1 Nxe3 22. fxe3 Bxf3 23. Qf2 Bh5 24. Nd7 Qd5 25. Nxb8 Rxb8 26. Qg3 Rc8
27. Qc7 Rf8 28. Qe5 Qxe5 29. dxe5 Be2 30. Ra8 g6 31. Kf2 Bc4 32. Kg3 h6 33.
Rxf8+ Kxf8 34. Kf4 Kg7 35. e4 g5+ 36. Ke3 Kg6 37. Ra7 h5 38. g3 Bf1 39. Kd4 Bc4
40. Rb7 Kg7 41. Kc5 Bd3 42. Rxb5 Bxe4 43. Rb4 Bf3 44. Kd6 Kg6 45. c4 f5 46.
Kxe6 f4 47. Kd6 Bg4 48. e6 f3 49. Rb2 Kf6 50. e7 Kf7 51. c5 Bc8 52. c6 Ba6 53.
Kd7 1-0

[Event "Winnipeg TNT 2023.09"]
[Site "Winnipeg CAN"]
[Date "2023.09.12"]
[Round "2.5"]
[White "Rook, Sean"]
[Black "Klusa, Mark"]
[Result "0-1"]
[WhiteElo "1808"]
[BlackElo "1642"]
[PlyCount "88"]
[EventDate "2023.09.05"]
[EventType "swiss"]
[EventRounds "4"]
[EventCountry "CAN"]

1. e4 c5 2. c3 Nf6 3. e5 Nd5 4. d4 cxd4 5. Nf3 Nc6 6. c4 Nc7 7. Na3 d6 8. exd6
Qxd6 9. Nc2 e5 10. Bd3 Be7 11. O-O O-O 12. Nce1 Bg4 13. Be2 e4 14. Nd2 Bxe2 15.
Qxe2 f5 16. g3 a5 17. Ng2 g5 18. Qh5 Ne6 19. Re1 Nc5 20. Re2 Nb4 21. h4 g4 22.
Nf4 d3 23. Re3 Nc2 24. Rb1 Nxe3 25. fxe3 Ne6 26. b3 Ng7 27. Nxe4 Qxf4 28. exf4
Nxh5 29. Nf2 Nxg3 30. Nxd3 Ne2+ 31. Kg2 Nxc1 32. Rxc1 Bxh4 33. Rh1 Be7 34. Ne5
Rad8 35. Re1 Rd2+ 36. Kg3 Bf6 37. c5 Bxe5 38. Rxe5 Rxa2 39. Re6 Ra3 40. Rb6 Rf7
41. Kh4 a4 42. b4 Kg7 43. Kg5 Rh3 44. c6 h6# 0-1

[Event "Winnipeg TNT 2023.09"]
[Site "Winnipeg CAN"]
[Date "2023.09.12"]
[Round "2.6"]
[White "Zhou, Joe"]
[Black "Wolchock, Theo"]
[Result "0-1"]
[WhiteElo "1620"]
[BlackElo "2216"]
[PlyCount "34"]
[EventDate "2023.09.05"]
[EventType "swiss"]
[EventRounds "4"]
[EventCountry "CAN"]

1. c4 c5 2. Nf3 Nc6 3. d4 cxd4 4. Nxd4 Nf6 5. Nc3 e6 6. e4 Bb4 7. f3 O-O 8. Be3
d5 9. Bd3 Nxd4 10. Bxd4 dxe4 11. Bxe4 Nxe4 12. fxe4 Qh4+ 13. Kf1 Rd8 14. g3
Qh3+ 15. Kf2 Bxc3 16. bxc3 e5 17. Qa4 exd4 0-1

[Event "Winnipeg TNT 2023.09"]
[Site "Winnipeg CAN"]
[Date "2023.09.12"]
[Round "2.7"]
[White "Ling, Aiden"]
[Black "Klokow, John"]
[Result "0-1"]
[WhiteElo "1461"]
[BlackElo "1666"]
[PlyCount "56"]
[EventDate "2023.09.05"]
[EventType "swiss"]
[EventRounds "4"]
[EventCountry "CAN"]

1. e4 e5 2. Nf3 Nc6 3. Nc3 Nf6 4. d4 exd4 5. Nxd4 Bc5 6. Be3 Bb6 7. Bc4 Ne5 8.
Be2 O-O 9. f4 Nc6 10. e5 Ne8 11. O-O Nxd4 12. Bxd4 d6 13. Bxb6 axb6 14. Bf3 c6
15. Ne4 d5 16. c4 Nc7 17. cxd5 Nxd5 18. Qd2 f6 19. Rfd1 fxe5 20. fxe5 Be6 21.
Ng5 Nc7 22. Qb4 Qxg5 23. Qxb6 Rxf3 24. Qxc7 Bd5 25. Qxb7 Raf8 26. Rxd5 Qe3+ 27.
Kh1 Rf1+ 28. Rxf1 Rxf1# 0-1

[Event "Winnipeg TNT 2023.09"]
[Site "Winnipeg CAN"]
[Date "2023.09.12"]
[Round "2.8"]
[White "March, John"]
[Black "Babb, Jeff"]
[Result "0-1"]
[WhiteElo "1334"]
[BlackElo "2049"]
[PlyCount "78"]
[EventDate "2023.09.05"]
[EventType "swiss"]
[EventRounds "4"]
[EventCountry "CAN"]

1. c4 Nf6 2. g3 g6 3. Bg2 Bg7 4. Nc3 d6 5. d4 O-O 6. e4 Nc6 7. Nf3 Bg4 8. d5
Ne5 9. O-O Nxc4 10. Qd4 Nb6 11. Qd3 Nfd7 12. Be3 Bxf3 13. Bxf3 Ne5 14. Qe2
Nxf3+ 15. Qxf3 Nc4 16. Qe2 Nxe3 17. Qxe3 c5 18. Rac1 Qa5 19. a3 b5 20. Rc2 Rab8
21. Ne2 b4 22. f4 bxa3 23. Qxa3 Qxa3 24. bxa3 Rb3 25. Ra2 Re3 26. Rb1 Rxe4 27.
Rb7 Ra8 28. Kf2 Kf8 29. Kf3 Ra4 30. h4 h5 31. g4 hxg4+ 32. Kxg4 Ke8 33. Rb3 Kd8
34. Nc3 Bxc3 35. Rxc3 Rd4 36. Rh3 Rxd5 37. h5 Rxh5 38. Rxh5 gxh5+ 39. Kxh5 Rb8
0-1

[Event "Winnipeg TNT 2023.09"]
[Site "Winnipeg CAN"]
[Date "2023.09.12"]
[Round "2.9"]
[White "Bilugan, Mason"]
[Black "Repaka, Prabhav"]
[Result "1-0"]
[WhiteElo "1416"]
[BlackElo "1599"]
[PlyCount "73"]
[EventDate "2023.09.05"]
[EventType "swiss"]
[EventRounds "4"]
[EventCountry "CAN"]

1. e4 e5 2. Nf3 Nc6 3. Bc4 Bc5 4. c3 Bb6 5. O-O Nf6 6. d3 h6 7. h3 O-O 8. Re1
d6 9. Nbd2 Re8 10. b4 Be6 11. Qb3 a5 12. a4 axb4 13. cxb4 Nd4 14. Nxd4 Bxd4 15.
Bb2 Bxb2 16. Bxe6 Rxe6 17. Qxb2 Nh5 18. g3 Rg6 19. Kh2 Qf6 20. Nc4 Qf3 21. Re3
Qf6 22. Qc2 c6 23. Na5 Rb8 24. Rb1 Qd8 25. Qc3 Qf6 26. Qc2 Qd8 27. Nc4 Qg5 28.
Qd1 Nf6 29. Rf3 Nh7 30. Rf5 Qd8 31. d4 f6 32. dxe5 dxe5 33. Qb3 Kf8 34. Rd1 Qc7
35. a5 Rd8 36. Rxd8+ Qxd8 37. Nxe5 1-0

[Event "Winnipeg TNT 2023.09"]
[Site "Winnipeg CAN"]
[Date "2023.09.12"]
[Round "2.10"]
[White "Aiello, Mick"]
[Black "Trueman, Francis"]
[Result "1-0"]
[WhiteElo "1563"]
[BlackElo "1422"]
[PlyCount "43"]
[EventDate "2023.09.05"]
[EventType "swiss"]
[EventRounds "4"]
[EventCountry "CAN"]

1. e4 d6 2. d4 Nf6 3. Nc3 g6 4. h4 Bg7 5. g4 c6 6. Bg2 Qc7 7. Nge2 e5 8. O-O
Nbd7 9. f4 Nf8 10. f5 h5 11. g5 gxf5 12. exf5 N8h7 13. gxf6 Bxf6 14. d5 Bd7 15.
Ng3 Ke7 16. Nxh5 Rag8 17. Ne4 Qb6+ 18. Kh2 Qb5 19. Nhxf6 Rxg2+ 20. Kxg2 Nxf6
21. Nxf6 Kxf6 22. Qg4 1-0

[Event "Winnipeg TNT 2023.09"]
[Site "Winnipeg CAN"]
[Date "2023.09.12"]
[Round "2.11"]
[White "Schmidt, Lukas"]
[Black "Pearce, Thomas"]
[Result "0-1"]
[WhiteElo "1269"]
[BlackElo "1534"]
[PlyCount "80"]
[EventDate "2023.09.05"]
[EventType "swiss"]
[EventRounds "4"]
[EventCountry "CAN"]

1. e3 c5 2. c3 d6 3. Nf3 Nc6 4. d4 Bg4 5. Bb5 Qb6 6. Qb3 Bxf3 7. gxf3 a6 8. Ba4
Qxb3 9. Bxb3 O-O-O 10. Bxf7 Nf6 11. Nd2 e5 12. d5 Ne7 13. Be6+ Kb8 14. e4 g5
15. Bh3 Rg8 16. Nc4 h5 17. b4 g4 18. fxg4 hxg4 19. Bg2 b5 20. Na5 c4 21. Nc6+
Nxc6 22. dxc6 Kc7 23. h4 Kxc6 24. Bg5 Be7 25. O-O-O Ra8 26. Rh2 a5 27. a3 Bd8
28. f3 g3 29. Rh3 Nh5 30. Bd2 Nf4 31. Bxf4 exf4 32. h5 Bf6 33. Rd2 axb4 34. Rd5
bxa3 35. Rf5 Be5 36. Rxe5 dxe5 37. Kb1 a2+ 38. Ka1 Rgd8 39. Rh1 Rd2 40. Bh3 Rh2
0-1

[Event "Winnipeg TNT 2023.09"]
[Site "Winnipeg CAN"]
[Date "2023.09.12"]
[Round "2.12"]
[White "Melnyk, James"]
[Black "Wijekoon, Dilki"]
[Result "0-1"]
[WhiteElo "1530"]
[BlackElo "1411"]
[PlyCount "76"]
[EventDate "2023.09.05"]
[EventType "swiss"]
[EventRounds "4"]
[EventCountry "CAN"]

1. e4 e5 2. Nf3 Nc6 3. c3 Nf6 4. d4 exd4 5. e5 Nd5 6. Qb3 Nb6 7. cxd4 d5 8. Be2
h6 9. Nc3 Be6 10. Bd2 Be7 11. O-O O-O 12. Rac1 a6 13. Nd1 Rc8 14. Ne3 Qd7 15.
Rc2 f6 16. Rfc1 fxe5 17. Bxa6 bxa6 18. Rxc6 Bd6 19. Bb4 Bxb4 20. Qxb4 Qf7 21.
dxe5 Qg6 22. Nd4 Rfe8 23. a3 Kh8 24. b3 Nd7 25. Nxd5 Nxe5 26. Rxe6 Rxe6 27.
Nxe6 Nd3 28. Nef4 Qg5 29. Qb7 Rf8 30. Rxc7 Nxf4 31. Nxf4 Qxf4 32. Qa7 Rd8 33.
g3 Rd1+ 34. Kg2 Qe4+ 35. f3 Rd2+ 36. Kh3 Qf5+ 37. g4 Qxf3+ 38. Kh4 Rxh2# 0-1

[Event "Winnipeg TNT 2023.09"]
[Site "Winnipeg CAN"]
[Date "2023.09.19"]
[Round "3.1"]
[White "Klusa, Mark"]
[Black "Currie, James"]
[Result "1/2-1/2"]
[WhiteElo "1642"]
[BlackElo "1924"]
[PlyCount "118"]
[EventDate "2023.09.05"]
[EventType "swiss"]
[EventRounds "4"]
[EventCountry "CAN"]

1. e4 d5 2. exd5 Nf6 3. d4 Nxd5 4. c4 Nb4 5. a3 N4a6 6. Nf3 g6 7. Be2 Bg7 8.
Nc3 O-O 9. O-O Nd7 10. Bg5 c6 11. Qb3 Nc7 12. Rad1 Ne6 13. Bh4 Nf4 14. Rfe1 Nf6
15. Bf1 Qc7 16. d5 Bg4 17. dxc6 bxc6 18. Ne2 Nxe2+ 19. Rxe2 e5 20. h3 Bxf3 21.
Qxf3 e4 22. Qg3 Qxg3 23. Bxg3 Rfe8 24. Rd6 c5 25. Bh4 Nh5 26. Bg5 f5 27. g4 Bf8
28. Rd5 Ng7 29. gxf5 Nxf5 30. Bg2 Re6 31. Rxe4 Rae8 32. Rxe6 Rxe6 33. Rd7 Re1+
34. Kh2 Bd6+ 35. f4 Re2 36. Kg1 h6 37. Bd5+ Kf8 38. Bf6 Be7 39. Bxe7+ Rxe7 40.
Rxe7 Kxe7 41. Kf2 a5 42. Be4 Nd6 43. Bd3 Kf6 44. Ke3 Nc8 45. Kd2 g5 46. fxg5+
Kxg5 47. Kc3 Kf4 48. b4 axb4+ 49. axb4 cxb4+ 50. Kxb4 Ke5 51. Kc5 Nd6 52. Kc6
Nxc4 53. Bxc4 Kf6 54. Kd6 Kg7 55. Ke5 Kh8 56. Kf6 Kh7 57. Bd3+ Kh8 58. Kg6 Kg8
59. Kxh6 Kh8 1/2-1/2

[Event "Winnipeg TNT 2023.09"]
[Site "Winnipeg CAN"]
[Date "2023.09.19"]
[Round "3.2"]
[White "Stordeur, Jackson"]
[Black "MacPherson, Al"]
[Result "1-0"]
[WhiteElo "1716"]
[BlackElo "1654"]
[PlyCount "65"]
[EventDate "2023.09.05"]
[EventType "swiss"]
[EventRounds "4"]
[EventCountry "CAN"]

1. e4 d6 2. d4 Nf6 3. Nc3 g6 4. Be3 Bg7 5. Qd2 O-O 6. O-O-O Nbd7 7. f3 e5 8. d5
Nb6 9. g4 Bd7 10. h4 a5 11. Bd3 a4 12. Nge2 a3 13. b3 Nxg4 14. fxg4 Bxg4 15.
Rdg1 f5 16. Bg5 Qd7 17. Bb5 c6 18. Bd3 f4 19. h5 gxh5 20. Qe1 f3 21. Qf2 fxe2
22. Qxb6 h6 23. Bd2 Bf3 24. Rh2 Kh8 25. Bxe2 c5 26. Bxf3 Rxf3 27. Qb5 Qf7 28.
Rhg2 Rf8 29. Rxg7 Rf1+ 30. Nd1 Qf3 31. Rxf1 Qxf1 32. Qd7 Qxd1+ 33. Kxd1 1-0

[Event "Winnipeg TNT 2023.09"]
[Site "Winnipeg CAN"]
[Date "2023.09.19"]
[Round "3.3"]
[White "Wolchock, Theo"]
[Black "Kahanda, Inuri"]
[Result "1-0"]
[WhiteElo "2216"]
[BlackElo "1705"]
[Annotator "aboro"]
[PlyCount "79"]
[EventDate "2023.09.05"]
[EventType "swiss"]
[EventRounds "4"]
[EventCountry "CAN"]

1. e4 d6 2. d4 Nf6 3. Nc3 g6 4. Be3 Bg7 5. Qd2 O-O 6. Bh6 c6 7. Nf3 Qa5 8. Bxg7
Kxg7 9. h3 b5 10. Bd3 Na6 11. O-O b4 12. Ne2 Qh5 13. Ng3 Qh6 14. Qe2 Nc7 15.
Qe3 Qxe3 16. fxe3 Rb8 17. Ne2 Ba6 18. e5 Nfd5 19. Bxa6 Nxa6 20. Kf2 Rfd8 21. e4
Nb6 22. b3 d5 23. Ke3 c5 24. Ng5 cxd4+ 25. Nxd4 Rf8 26. a3 h6 27. axb4 Nxb4 28.
Ngf3 dxe4 29. Kxe4 Rb7 30. c3 N4d5 31. c4 Nb4 32. Ra3 a6 33. Rc1 Rc8 34. e6 f6
35. g4 Rbc7 36. c5 N6d5 37. h4 f5+ 38. gxf5 gxf5+ 39. Nxf5+ Kf6 40. N3d4 {
Black lost on time} 1-0

[Event "Winnipeg TNT 2023.09"]
[Site "Winnipeg CAN"]
[Date "2023.09.19"]
[Round "3.4"]
[White "Klokow, John"]
[Black "Kwiatek, Jordan"]
[Result "0-1"]
[WhiteElo "1666"]
[BlackElo "1970"]
[PlyCount "42"]
[EventDate "2023.09.05"]
[EventType "swiss"]
[EventRounds "4"]
[EventCountry "CAN"]

1. e4 d5 2. exd5 Qxd5 3. Nc3 Qd6 4. g3 e5 5. Bg2 Nf6 6. Nge2 Nc6 7. O-O Be7 8.
Nb5 Qd7 9. d3 O-O 10. Bg5 h6 11. Be3 Ng4 12. Bd2 f5 13. h3 Nf6 14. f4 Bc5+ 15.
Kh2 e4 16. dxe4 Nxe4 17. Be1 Qf7 18. Bxe4 fxe4 19. Nxc7 Rd8 20. Qxd8+ Nxd8 21.
Nxa8 Bxh3 0-1

[Event "Winnipeg TNT 2023.09"]
[Site "Winnipeg CAN"]
[Date "2023.09.19"]
[Round "3.5"]
[White "Babb, Jeff"]
[Black "Aiello, Mick"]
[Result "1-0"]
[WhiteElo "2049"]
[BlackElo "1563"]
[PlyCount "91"]
[EventDate "2023.09.05"]
[EventType "swiss"]
[EventRounds "4"]
[EventCountry "CAN"]

1. f4 Nh6 2. e4 d5 3. Nc3 e6 4. Nf3 c5 5. exd5 exd5 6. Bb5+ Nc6 7. O-O Be7 8.
Ne5 Bd7 9. Bxc6 Bxc6 10. Nxc6 bxc6 11. d3 O-O 12. f5 Bg5 13. Qh5 Bxc1 14. Raxc1
f6 15. Rce1 Rb8 16. b3 Nf7 17. Re6 Ne5 18. Na4 Rb5 19. Qe2 d4 20. h3 Qd7 21. g4
h6 22. Nb2 Rbb8 23. Nc4 Nxc4 24. dxc4 Rbe8 25. Re1 Ra8 26. Qe4 Qc7 27. Kg2 Rfc8
28. Re7 Qd6 29. Qe6+ Qxe6 30. R1xe6 a5 31. a4 Kf8 32. Rd7 Re8 33. Rxc6 Re2+ 34.
Kg3 Rxc2 35. Rxc5 Rc3+ 36. Kh4 Re8 37. Rcc7 Ree3 38. Rc8+ Re8 39. Rxe8+ Kxe8
40. Rxd4 Rxb3 41. Kh5 Rxh3+ 42. Kg6 Rg3 43. c5 Rc3 44. Kxg7 Rxc5 45. Kxf6 Rc6+
46. Kg7 1-0

[Event "Winnipeg TNT 2023.09"]
[Site "Winnipeg CAN"]
[Date "2023.09.19"]
[Round "3.6"]
[White "Pearce, Thomas"]
[Black "Vaughan, Nathan"]
[Result "1-0"]
[WhiteElo "1534"]
[BlackElo "1995"]
[PlyCount "79"]
[EventDate "2023.09.05"]
[EventType "swiss"]
[EventRounds "4"]
[EventCountry "CAN"]

1. d4 Nf6 2. c4 c6 3. Nc3 d5 4. e3 g6 5. c5 Bf5 6. Nf3 Bg7 7. Be2 e5 8. h3 e4
9. Nh2 O-O 10. O-O b6 11. b4 a5 12. Qb3 Nbd7 13. a4 axb4 14. Qxb4 bxc5 15. dxc5
Rb8 16. Qa3 Qa5 17. Rd1 Nxc5 18. Rb1 Nfd7 19. Bd2 Qa7 20. a5 Ne5 21. Ng4 Ned3
22. Na4 Nxa4 23. Qxa4 Nb2 24. Qxc6 Nxd1 25. Rxd1 h5 26. Nf6+ Kh8 27. Nxd5 Rfd8
28. Nf4 Rb2 29. g4 Rbxd2 30. Rxd2 Rxd2 31. gxf5 Qxa5 32. Qe8+ Kh7 33. fxg6+
fxg6 34. Qxg6+ Kh8 35. Qe8+ Kh7 36. Qxe4+ Kh8 37. Ng6+ Kg8 38. Bc4+ Kh7 39.
Nf8+ Kh6 40. Qg6# 1-0

[Event "Winnipeg TNT 2023.09"]
[Site "Winnipeg CAN"]
[Date "2023.09.19"]
[Round "3.7"]
[White "Rutter, Blair"]
[Black "Bilugan, Mason"]
[Result "1-0"]
[WhiteElo "1902"]
[BlackElo "1416"]
[PlyCount "91"]
[EventDate "2023.09.05"]
[EventType "swiss"]
[EventRounds "4"]
[EventCountry "CAN"]

1. c4 e6 2. g3 Nf6 3. Bg2 d5 4. d3 c6 5. Qc2 Be7 6. Nf3 O-O 7. O-O Qc7 8. Bf4
Bd6 9. Bg5 Be7 10. a3 a5 11. Re1 Nbd7 12. e4 dxe4 13. dxe4 h6 14. Bd2 e5 15.
Bc3 Bd6 16. Nbd2 Re8 17. Nh4 g6 18. b4 axb4 19. axb4 Rxa1 20. Rxa1 c5 21. b5
Nf8 22. Nf1 Ne6 23. f4 Nd4 24. Bxd4 cxd4 25. f5 g5 26. Nf3 Bc5 27. Kh1 Rd8 28.
Qd3 Ng4 29. Ra2 b6 30. h3 Ne3 31. N1h2 f6 32. Ng4 Nxg4 33. hxg4 Bb4 34. Bf1 Bb7
35. Qb1 Bc3 36. Bd3 Ra8 37. Rxa8+ Bxa8 38. Qa2 Bb7 39. c5+ Kg7 40. c6 Bc8 41.
Qd5 Qf7 42. Qd8 Bxf5 43. gxf5 Qh5+ 44. Kg2 g4 45. Qe7+ Kg8 46. Bc4+ 1-0